Risultati del Napoli in UEFA Champions League 2013-2014 - Statistics

Statistiche generali
  • Questo quiz è stato fatto 14 volte
  • Il punteggio medio è 4 su 6
Statistiche sulle risposte
Hint Risposta % Corretto
Olympique Marsiglia - Napoli 1-2
91%
Arsenal - Napoli 2-0
82%
Napoli - Arsenal 2-0
73%
Napoli - Borussia Dortmund 2-1
73%
Napoli - Olympique Marsiglia 3-2
45%
Borussia Dortmund - Napoli 3-1
18%
Nessun quiz corrispondente trovato
Distribuzione punteggi
Percentuale di utenti per punteggio
Percentile per numero di risposta
I tuoi punteggi nel tempo
Non hai fatto questo quiz